000 00640nam a2200205Ia 4500
003 GCL
008 140319s9999 xx 000 0 ara d
040 _aGCL /
_cGCL
082 0 4 _a635.9
_bج ت
100 1 _aجونس، ليلسلى
245 1 0 _aنباتات الزينة المنزلية وتنسيق الزهور /
_cجونس، ليلسلى
700 1 _aستفنسن، فيوليت
700 1 _aسماء زكر المحاسيتى (مترجم)
300 _a336 ص
490 _a
650 0 4 _aنباتات الزينة
650 0 4 _aالنباتات المنزلية
650 0 4 _aالزهور - تنسيق
942 _2ddc
_cBK
999 _c38585
_d38585